The evolution of the carth and its inhabitants / (Record no. 61464)

MARC details
000 -LEADER
campo de control de longitud fija 00456nam a2200145 i 4500
001 - NÚMERO DE CONTROL
campo de control 61464
003 - IDENTIFICADOR DE NÚMERO DE CONTROL
campo de control ES-MaACL
007 - CAMPO FIJO DE DESCRIPCIÓN FÍSICA--INFORMACIÓN GENERAL
campo de control de longitud fija t|
008 - DATOS DE LONGITUD FIJA--INFORMACIÓN GENERAL
campo de control de longitud fija 031112s1919 xxu ||||1| eng d
245 04 - MENCIÓN DEL TÍTULO
Título The evolution of the carth and its inhabitants /
Mención de responsabilidad, etc. by Joseph Barrel ... [et al.].
260 ## - PUBLICACIÓN, DISTRIBUCIÓN, ETC.
Lugar de publicación, distribución, etc. New Haren, etc. :
Nombre del editor, distribuidor, etc. Yale University Press,
Fecha de publicación, distribución, etc. 1919.
300 ## - DESCRIPCIÓN FÍSICA
Extensión XII, 208 p., 12 lám. :
Otras características físicas il. ;
Dimensiones 23 cm.
700 1# - ENTRADA AGREGADA--NOMBRE PERSONAL
Nombre de persona Barrel, Joseph.
9 (RLIN) 25903
852 ## - LOCALIZACIÓN
Ubicación ES-MaACL
Número de control de estantería G-4968
Holdings
Estatus retirado Estado de pérdida Estado de daño No para préstamo Biblioteca de origen Biblioteca actual Ubicación en estantería Fecha de adquisición Fuente de adquisición Total de préstamos Signatura topográfica completa Código de barras Visto por última vez Precio de reemplazo Tipo de ítem Koha
        Biblioteca del Ateneo de Madrid Biblioteca del Ateneo de Madrid Depósito 2 17/01/2008     G-4968 1064449 23/02/2023 23/02/2023 Libro impreso